UEFA Euro 2020 Round of 16 Starting XI - Statistics

General Stats
  • This quiz has been taken 445 times
  • The average score is 87 of 176
Answer Stats
Team Player % Correct
Belgium Thibaut Courtois
97%
Belgium Romelu Lukaku
94%
Portugal Cristiano Ronaldo
93%
Belgium Eden Hazard
92%
Belgium Thorgan Hazard
92%
Belgium Kevin De Bruyne
90%
France Hugo Lloris
89%
Italy Gianluigi Donnarumma
88%
France Kylian Mbappé
88%
Italy Leonardo Bonucci
87%
Portugal Rui Patrício
86%
Belgium Jan Vertonghen
85%
Portugal Pepe
85%
Croatia Luka Modrić
84%
France Paul Pogba
84%
France Raphaël Varane
84%
France Antoine Griezmann
83%
Germany Manuel Neuer
82%
France N'Golo Kanté
82%
France Benjamin Pavard
80%
Portugal Bernardo Silva
80%
Croatia Duje Ćaleta-Car
79%
England Jordan Pickford
79%
Italy Ciro Immobile
78%
England Harry Kane
78%
France Karim Benzema
78%
Switzerland Yann Sommer
78%
Austria David Alaba
77%
Wales Gareth Bale
77%
Portugal Rúben Dias
77%
Belgium Toby Alderweireld
76%
England Harry Maguire
75%
Spain Álvaro Morata
74%
Belgium Axel Witsel
73%
Switzerland Granit Xhaka
73%
England John Stones
73%
Germany Joshua Kimmich
73%
Spain Unai Simón
73%
Netherlands Frenkie de Jong
72%
England Kyle Walker
72%
Netherlands Memphis Depay
72%
Italy Nicolò Barella
72%
England Raheem Sterling
72%
Germany Thomas Müller
72%
Spain Pedri
71%
Switzerland Xherdan Shaqiri
71%
Italy Marco Verratti
70%
Germany Mats Hummels
70%
Netherlands Matthijs de Ligt
70%
Italy Lorenzo Insigne
69%
Spain Sergio Busquets
68%
Belgium Thomas Meunier
68%
Italy Jorginho
67%
Germany Leon Goretzka
67%
Italy Giovanni Di Lorenzo
66%
Denmark Kasper Schmeichel
66%
Sweden Alexander Isak
64%
Italy Leonardo Spinazzola
64%
England Declan Rice
63%
Spain Ferrán Torres
63%
England Luke Shaw
63%
Croatia Marcelo Brozović
63%
Croatia Mateo Kovačić
63%
Czech Republic Patrik Schick
63%
Wales Aaron Ramsey
62%
Belgium Youri Tielemans
62%
Germany Kai Havertz
61%
Portugal Raphaël Guerreiro
61%
Denmark Simon Kjær
61%
England Bukayo Saka
60%
Netherlands Denzel Dumfries
60%
France Presnel Kimpembe
60%
Switzerland Manuel Akanji
59%
Austria Marko Arnautović
59%
Germany Antonio Rüdiger
58%
Spain Aymeric Laporte
58%
Croatia Domagoj Vida
58%
Ukraine Oleksandr Zinchenko
57%
Germany Timo Werner
57%
Croatia Dominik Livaković
55%
Sweden Emil Forsberg
55%
Switzerland Breel Embolo
54%
Austria Marcel Sabitzer
54%
Netherlands Stefan de Vrij
53%
Germany Toni Kroos
53%
Denmark Andreas Christensen
52%
Portugal João Moutinho
52%
England Kalvin Phillips
52%
Sweden Robin Olsen
52%
France Adrien Rabiot
51%
Switzerland Ricardo Rodríguez
51%
Netherlands Daley Blind
50%
Portugal Diogo Jota
50%
Ukraine Andriy Yarmolenko
49%
France Clément Lenglet
49%
England Kieran Trippier
49%
Netherlands Georginio Wijnaldum
48%
Wales Daniel James
47%
Austria Konrad Laimer
47%
Portugal Renato Sanches
47%
Italy Domenico Berardi
45%
Czech Republic Tomáš Souček
44%
Croatia Ante Rebić
43%
Portugal Diogo Dalot
43%
Belgium Thomas Vermaelen
43%
Sweden Victor Lindelöf
43%
Spain César Azpilicueta
42%
Italy Francesco Acerbi
42%
Switzerland Haris Seferović
42%
Denmark Joakim Mæhle
40%
Denmark Kasper Dolberg
40%
Denmark Mikkel Damsgaard
40%
Croatia Joško Gvardiol
39%
Czech Republic Vladimír Coufal
39%
Netherlands Donyell Malen
38%
Spain Eric García
38%
Spain Koke
38%
Denmark Martin Braithwaite
36%
Denmark Thomas Delaney
36%
Wales Ben Davies
35%
Denmark Pierre Højbjerg
35%
Germany Robin Gosens
35%
Wales Danny Ward
34%
Sweden Dejan Kulusevski
34%
Netherlands Maarten Stekelenburg
34%
Germany Matthias Ginter
33%
Netherlands Marten de Roon
32%
Switzerland Nico Elvedi
32%
Ukraine Roman Yaremchuk
32%
Switzerland Remo Freuler
30%
Wales Joe Allen
29%
Austria Stefan Lainer
28%
Spain José Gayà
27%
Croatia Bruno Petković
26%
Austria Christoph Baumgartner
26%
Portugal João Palhinha
26%
Wales Kieffer Moore
26%
Czech Republic Tomáš Vaclík
26%
Spain Pablo Sarabia
25%
Croatia Josip Juranović
24%
Croatia Nikola Vlašić
22%
Austria Xaver Schlager
21%
Wales Joe Rodon
19%
Ukraine Taras Stepanenko
19%
Sweden Albin Ekdal
18%
Austria Aleksandar Dragović
18%
Denmark Jannik Vestergaard
18%
Sweden Ludwig Augustinsson
18%
Switzerland Silvan Widmer
18%
Wales Connor Roberts
17%
Sweden Kristoffer Olsson
17%
Austria Martin Hinteregger
17%
Sweden Seb Larsson
16%
Switzerland Steven Zuber
16%
Austria Daniel Bachmann
15%
Netherlands Patrick van Aanholt
15%
Ukraine Illia Zabarnyi
14%
Ukraine Mykola Shaparenko
12%
Czech Republic Antonín Barák
11%
Wales Chris Mepham
11%
Austria Florian Grillitsch
11%
Czech Republic Tomáš Holeš
11%
Sweden Mikael Lustig
10%
Czech Republic Tomáš Kalas
10%
Czech Republic Lukáš Masopust
9%
Sweden Marcus Danielson
9%
Ukraine Mykola Matviyenko
9%
Ukraine Heorhiy Bushchan
8%
Czech Republic Pavel Kadeřábek
8%
Ukraine Serhiy Sydorchuk
8%
Ukraine Oleksandr Karavayev
7%
Denmark Jens Stryger
6%
Wales Joe Morrell
5%
Czech Republic Ondřej Čelůstka
5%
Ukraine Serhiy Kryvtsov
4%
Czech Republic Petr Ševčík
3%
No matching quizzes found
Score Distribution
Percent of People with Each Score
Percentile by Number Answered
Your Score History
You have not taken this quiz